000 00340 a2200133 4500
005 20250627161100.0
020 _a0-13-044640-8
082 _a657BIR
100 _aBIRTWELL, S.
245 _aSimply Accounting Practice Set: Au Canada,
260 _aToronto,
_bPrentice Hall,
_c2002.
300 _a172p,: ill.; figure
_c27.5cm
942 _2ddc
_cBKS
999 _c5743
_d5743